<?xml version="1.0" encoding="UTF-8"?>
<record
    xmlns:xsi="http://www.w3.org/2001/XMLSchema-instance"
    xsi:schemaLocation="http://www.loc.gov/MARC21/slim http://www.loc.gov/standards/marcxml/schema/MARC21slim.xsd"
    xmlns="http://www.loc.gov/MARC21/slim">

  <leader>02580    a2200301   4500</leader>
  <controlfield tag="003">NALT</controlfield>
  <controlfield tag="005">20230216141445.0</controlfield>
  <controlfield tag="008">220919b        th ||||| |||| 00| 0 tha d</controlfield>
  <datafield tag="020" ind1=" " ind2=" ">
    <subfield code="a">9786168266175</subfield>
  </datafield>
  <datafield tag="040" ind1=" " ind2=" ">
    <subfield code="a">NALT</subfield>
  </datafield>
  <datafield tag="041" ind1="1" ind2=" ">
    <subfield code="a">tha</subfield>
    <subfield code="h">eng</subfield>
  </datafield>
  <datafield tag="050" ind1=" " ind2=" ">
    <subfield code="a">GF 75</subfield>
    <subfield code="b">&#xE27;987&#xE21; 2564</subfield>
  </datafield>
  <datafield tag="100" ind1="1" ind2=" ">
    <subfield code="a">&#xE44;&#xE27;&#xE2A;&#xE4C;&#xE41;&#xE21;&#xE19;, &#xE2D;&#xE25;&#xE31;&#xE19; </subfield>
    <subfield code="9">59023</subfield>
  </datafield>
  <datafield tag="245" ind1="1" ind2="0">
    <subfield code="a">&#xE40;&#xE21;&#xE37;&#xE48;&#xE2D;&#xE42;&#xE25;&#xE01;&#xE44;&#xE21;&#xE48;&#xE21;&#xE35;&#xE40;&#xE23;&#xE32; =</subfield>
    <subfield code="b">The world without us /</subfield>
    <subfield code="c">Alan Weisman ; &#xE2A;&#xE23;&#xE13;&#xE23;&#xE31;&#xE0A;&#xE0E;&#xE4C; &#xE01;&#xE32;&#xE0D;&#xE08;&#xE19;&#xE30;&#xE27;&#xE13;&#xE34;&#xE0A;&#xE22;&#xE4C;, &#xE41;&#xE1B;&#xE25;.</subfield>
  </datafield>
  <datafield tag="246" ind1="1" ind2="4">
    <subfield code="a">The world without us.</subfield>
  </datafield>
  <datafield tag="250" ind1=" " ind2=" ">
    <subfield code="a">&#xE1E;&#xE34;&#xE21;&#xE1E;&#xE4C;&#xE04;&#xE23;&#xE31;&#xE49;&#xE07;&#xE41;&#xE23;&#xE01;.</subfield>
  </datafield>
  <datafield tag="260" ind1=" " ind2=" ">
    <subfield code="a">&#xE01;&#xE23;&#xE38;&#xE07;&#xE40;&#xE17;&#xE1E;&#xE2F; :</subfield>
    <subfield code="b">&#xE0B;&#xE2D;&#xE25;&#xE17;&#xE4C;,</subfield>
    <subfield code="c">2564.</subfield>
  </datafield>
  <datafield tag="300" ind1=" " ind2=" ">
    <subfield code="a">437 &#xE2B;&#xE19;&#xE49;&#xE32; :</subfield>
    <subfield code="b">&#xE20;&#xE32;&#xE1E;&#xE1B;&#xE23;&#xE30;&#xE01;&#xE2D;&#xE1A; ;</subfield>
    <subfield code="c">21 &#xE0B;&#xE21;.</subfield>
  </datafield>
  <datafield tag="505" ind1="0" ind2=" ">
    <subfield code="a">&#xE15;&#xE2D;&#xE19;&#xE17;&#xE35;&#xE48; 1 -- 1 &#xE01;&#xE25;&#xE34;&#xE48;&#xE19;&#xE2D;&#xE27;&#xE25;&#xE41;&#xE2B;&#xE48;&#xE07;&#xE2D;&#xE35;&#xE40;&#xE14;&#xE19; -- 2 &#xE23;&#xE37;&#xE49;&#xE2D;&#xE1A;&#xE49;&#xE32;&#xE19;&#xE40;&#xE23;&#xE32; -- 3 &#xE40;&#xE21;&#xE37;&#xE2D;&#xE07;&#xE44;&#xE21;&#xE48;&#xE21;&#xE35;&#xE40;&#xE23;&#xE32; -- 4 &#xE42;&#xE25;&#xE01;&#xE01;&#xE48;&#xE2D;&#xE19;&#xE2B;&#xE19;&#xE49;&#xE32;&#xE40;&#xE23;&#xE32; -- 5 &#xE2A;&#xE27;&#xE19;&#xE2A;&#xE31;&#xE15;&#xE27;&#xE4C;&#xE17;&#xE35;&#xE48;&#xE2A;&#xE39;&#xE0D;&#xE2B;&#xE32;&#xE22; -- 6 &#xE04;&#xE27;&#xE32;&#xE21;&#xE22;&#xE49;&#xE2D;&#xE19;&#xE41;&#xE22;&#xE49;&#xE07;&#xE02;&#xE2D;&#xE07;&#xE41;&#xE2D;&#xE1F;&#xE23;&#xE34;&#xE01;&#xE32; -- &#xE15;&#xE2D;&#xE19;&#xE17;&#xE35;&#xE48; 2 -- 7 &#xE2A;&#xE34;&#xE48;&#xE07;&#xE17;&#xE35;&#xE48;&#xE1E;&#xE31;&#xE07;&#xE17;&#xE25;&#xE32;&#xE22; -- 8 &#xE2A;&#xE34;&#xE48;&#xE07;&#xE17;&#xE35;&#xE48;&#xE22;&#xE37;&#xE19;&#xE22;&#xE07; -- 9 &#xE1E;&#xE25;&#xE32;&#xE2A;&#xE15;&#xE34;&#xE01;&#xE0A;&#xE31;&#xE48;&#xE27;&#xE01;&#xE31;&#xE25;&#xE1B;&#xE32;&#xE27;&#xE2A;&#xE32;&#xE19; -- 10 &#xE2B;&#xE22;&#xE48;&#xE2D;&#xE21;&#xE1B;&#xE34;&#xE42;&#xE15;&#xE23;&#xE40;&#xE25;&#xE35;&#xE22;&#xE21; -- 11 &#xE42;&#xE25;&#xE01;&#xE44;&#xE21;&#xE48;&#xE21;&#xE35;&#xE1F;&#xE32;&#xE23;&#xE4C;&#xE21; -- &#xE15;&#xE2D;&#xE19;&#xE17;&#xE35;&#xE48; 3 -- 12 &#xE0A;&#xE30;&#xE15;&#xE32;&#xE01;&#xE23;&#xE23;&#xE21;&#xE2A;&#xE34;&#xE48;&#xE07;&#xE21;&#xE2B;&#xE31;&#xE28;&#xE08;&#xE23;&#xE23;&#xE22;&#xE4C;&#xE41;&#xE2B;&#xE48;&#xE07;&#xE42;&#xE25;&#xE01;&#xE22;&#xE38;&#xE04;&#xE40;&#xE01;&#xE48;&#xE32;&#xE41;&#xE25;&#xE30;&#xE42;&#xE25;&#xE01;&#xE22;&#xE38;&#xE04;&#xE43;&#xE2B;&#xE21;&#xE48; -- 13 &#xE42;&#xE25;&#xE01;&#xE44;&#xE23;&#xE49;&#xE2A;&#xE07;&#xE04;&#xE23;&#xE32;&#xE21; -- 14 &#xE19;&#xE01;&#xE17;&#xE35;&#xE48;&#xE44;&#xE23;&#xE49;&#xE40;&#xE23;&#xE32; -- 15 &#xE21;&#xE23;&#xE14;&#xE01;&#xE23;&#xE49;&#xE2D;&#xE19; -- 16 &#xE1A;&#xE31;&#xE19;&#xE17;&#xE36;&#xE01;&#xE02;&#xE2D;&#xE07;&#xE40;&#xE23;&#xE32;&#xE1A;&#xE19;&#xE0A;&#xE31;&#xE49;&#xE19;&#xE2B;&#xE34;&#xE19; -- &#xE15;&#xE2D;&#xE19;&#xE17;&#xE35;&#xE48; 4 -- 17 &#xE40;&#xE23;&#xE32;&#xE08;&#xE30;&#xE44;&#xE1B;&#xE44;&#xE2B;&#xE19;&#xE15;&#xE48;&#xE2D;&#xE08;&#xE32;&#xE01;&#xE19;&#xE35;&#xE49; -- 18 &#xE28;&#xE34;&#xE25;&#xE1B;&#xE30;&#xE2B;&#xE25;&#xE31;&#xE07;&#xE40;&#xE23;&#xE32; -- 19 &#xE2D;&#xE39;&#xE48;&#xE2A;&#xE21;&#xE38;&#xE17;&#xE23;.</subfield>
  </datafield>
  <datafield tag="650" ind1=" " ind2="4">
    <subfield code="9">59027</subfield>
    <subfield code="a">&#xE18;&#xE23;&#xE23;&#xE21;&#xE0A;&#xE32;&#xE15;&#xE34; </subfield>
    <subfield code="x">&#xE1C;&#xE25;&#xE01;&#xE23;&#xE30;&#xE17;&#xE1A;&#xE08;&#xE32;&#xE01;&#xE21;&#xE19;&#xE38;&#xE29;&#xE22;&#xE4C;</subfield>
  </datafield>
  <datafield tag="650" ind1=" " ind2="4">
    <subfield code="9">59028</subfield>
    <subfield code="a">&#xE04;&#xE27;&#xE32;&#xE21;&#xE2A;&#xE31;&#xE21;&#xE1E;&#xE31;&#xE19;&#xE18;&#xE4C;&#xE23;&#xE30;&#xE2B;&#xE27;&#xE48;&#xE32;&#xE07;&#xE21;&#xE19;&#xE38;&#xE29;&#xE22;&#xE4C;&#xE01;&#xE31;&#xE1A;&#xE1E;&#xE37;&#xE0A; </subfield>
  </datafield>
  <datafield tag="650" ind1=" " ind2="4">
    <subfield code="9">59029</subfield>
    <subfield code="a">&#xE04;&#xE27;&#xE32;&#xE21;&#xE2A;&#xE31;&#xE21;&#xE1E;&#xE31;&#xE19;&#xE18;&#xE4C;&#xE23;&#xE30;&#xE2B;&#xE27;&#xE48;&#xE32;&#xE07;&#xE21;&#xE19;&#xE38;&#xE29;&#xE22;&#xE4C;&#xE01;&#xE31;&#xE1A;&#xE2A;&#xE31;&#xE15;&#xE27;&#xE4C;</subfield>
  </datafield>
  <datafield tag="700" ind1="1" ind2=" ">
    <subfield code="9">59025</subfield>
    <subfield code="a">Weisman, Alan</subfield>
  </datafield>
  <datafield tag="700" ind1="0" ind2=" ">
    <subfield code="9">59026</subfield>
    <subfield code="a">&#xE2A;&#xE23;&#xE13;&#xE23;&#xE31;&#xE0A;&#xE0E;&#xE4C; &#xE01;&#xE32;&#xE0D;&#xE08;&#xE19;&#xE30;&#xE27;&#xE13;&#xE34;&#xE0A;&#xE22;&#xE4C;</subfield>
  </datafield>
  <datafield tag="850" ind1=" " ind2=" ">
    <subfield code="a">NALT</subfield>
  </datafield>
  <datafield tag="942" ind1=" " ind2=" ">
    <subfield code="2">lcc</subfield>
    <subfield code="c">GB</subfield>
  </datafield>
  <datafield tag="998" ind1=" " ind2=" ">
    <subfield code="a">phon</subfield>
    <subfield code="b">phon</subfield>
    <subfield code="c">phon</subfield>
    <subfield code="j">8</subfield>
    <subfield code="k"> &#xE19;&#xE32;&#xE22;&#xE1A;&#xE31;&#xE13;&#xE11;&#xE34;&#xE15;  &#xE2D;&#xE38;&#xE17;&#xE32;&#xE27;&#xE07;&#xE04;&#xE4C;</subfield>
  </datafield>
  <datafield tag="999" ind1=" " ind2=" ">
    <subfield code="c">100768</subfield>
    <subfield code="d">100768</subfield>
  </datafield>
  <datafield tag="952" ind1=" " ind2=" ">
    <subfield code="0">0</subfield>
    <subfield code="1">0</subfield>
    <subfield code="2">lcc</subfield>
    <subfield code="4">0</subfield>
    <subfield code="7">0</subfield>
    <subfield code="8">CGBL</subfield>
    <subfield code="a">NALT</subfield>
    <subfield code="b">NALT</subfield>
    <subfield code="c">GEN</subfield>
    <subfield code="d">2022-09-16</subfield>
    <subfield code="e">1</subfield>
    <subfield code="l">1</subfield>
    <subfield code="m">1</subfield>
    <subfield code="o">GF 75 &#xE27;987&#xE21; 2564</subfield>
    <subfield code="p">3961213144</subfield>
    <subfield code="r">2022-10-10 00:00:00</subfield>
    <subfield code="s">2022-09-30</subfield>
    <subfield code="t">&#xE09;.2</subfield>
    <subfield code="w">2022-09-16</subfield>
    <subfield code="y">GB</subfield>
  </datafield>
  <datafield tag="952" ind1=" " ind2=" ">
    <subfield code="0">0</subfield>
    <subfield code="1">0</subfield>
    <subfield code="2">lcc</subfield>
    <subfield code="4">0</subfield>
    <subfield code="7">0</subfield>
    <subfield code="8">CGBL</subfield>
    <subfield code="a">NALT</subfield>
    <subfield code="b">NALT</subfield>
    <subfield code="c">GEN</subfield>
    <subfield code="d">2022-09-16</subfield>
    <subfield code="e">1</subfield>
    <subfield code="l">3</subfield>
    <subfield code="m">2</subfield>
    <subfield code="o">GF 75 &#xE27;987&#xE21; 2564</subfield>
    <subfield code="p">3961213143</subfield>
    <subfield code="r">2023-03-02 00:00:00</subfield>
    <subfield code="s">2023-02-16</subfield>
    <subfield code="t">&#xE09;.1</subfield>
    <subfield code="w">2022-09-16</subfield>
    <subfield code="y">GB</subfield>
  </datafield>
</record>
